000 00333nam a22001217a 4500
020 _a9788120316249
082 _222
_a624.25
100 _aJagadeesh, T. R. and Jayaram, M. A.
245 _aDesign of bridge structures /
260 _aNew Delhi,
_bPrentice Hall,
_cc2007.
300 _aix, 282 p. ;
_bill. ;
_c24 cm.
942 _2ddc
_cCIVIL
999 _c1493
_d1493